Tu vivras mon fils : (Record no. 16405)
[ view plain ]
| 000 -LEADER | |
|---|---|
| fixed length control field | 00680cam a2200217 a 4500 |
| 020 ## - INTERNATIONAL STANDARD BOOK NUMBER | |
| ISBN | 2747595838 (pbk.) |
| 040 ## - CATALOGING SOURCE | |
| Transcribing agency | AUXAM |
| 082 ## - DEWEY DECIMAL CLASSIFICATION NUMBER | |
| Classification number | 134 HAR 2005 A002 Co. |
| 100 1# - MAIN ENTRY--AUTHOR NAME | |
| Personal name | Markiewicz, Jacques, |
| 245 10 - TITLE STATEMENT | |
| Title | Tu vivras mon fils : |
| Remainder of title | le destin exceptionnel d'un adolescent juif polonais pour survivre à la Shoah / |
| 260 ## - PUBLICATION, DISTRIBUTION, ETC. (IMPRINT) | |
| Place of publication | Paris : |
| Name of publisher | Harmattan, |
| Year of publication | c2005. |
| 300 ## - PHYSICAL DESCRIPTION | |
| Number of Pages | 129 p. : |
| Other physical details | ill., map ; |
| Dimensions | 22 cm. |
| 490 1# - SERIES STATEMENT | |
| Series statement | Graveurs de mémoire |
| 650 #0 - SUBJECT ADDED ENTRY--TOPICAL TERM | |
| Topical Term | Jews |
| 650 #0 - SUBJECT ADDED ENTRY--TOPICAL TERM | |
| Topical Term | Jewish children in the Holocaust |
| 650 #0 - SUBJECT ADDED ENTRY--TOPICAL TERM | |
| Topical Term | Holocaust, Jewish (1939-1945) |
| 650 #0 - SUBJECT ADDED ENTRY--TOPICAL TERM | |
| Topical Term | Concentration camps |
| 700 1# - ADDED ENTRY--PERSONAL NAME | |
| Personal name | Bernstein, Alain-André, |
| 700 1# - ADDED ENTRY--PERSONAL NAME | |
| Personal name | Markiewicz, Sophie, |
| 942 ## - ADDED ENTRY ELEMENTS (KOHA) | |
| Koha item type | សៀវភៅភាសាបារាំង |
| 952 ## - LOCATION AND ITEM INFORMATION (KOHA) | |
| Withdrawn status [LOCAL, KOHA] | 0 |
| Permanent Location | Date acquired | Koha item type | Lost status | Shelving location | Barcode | Current Location | Full call number |
|---|---|---|---|---|---|---|---|
| Library Block A | 2018-02-19 | សៀវភៅភាសាបារាំង | A009 | A25663 | Library Block A | 134 HAR 2005 A009 Co. |